Инна Гулая. Геннадий Шпаликов

Бібліографічні деталі
Автор: Полухина Л. С. Лиана Степановна
Резюме:Знаменитый сценарист культового фильма «Я шагаю по Москве», картин «Мне двадцать лет», «Я родом из детства», даровитый поэт, чьи песни распевала страна, — Геннадий Шпаликов. И загадочная, не похожая ни на кого киноактриса Инна Гулая — героиня фильмов «Тучи над Борском» и «Когда деревья были большими», с первого взгляда поразившая зрителей. Их судьбы соединила большая любовь. Но совместная жизнь, принесшая дни счастья, страданий и мучений, закончилась трагически. Книга Лианы Полухиной, биографа многих кинопар — Аллы Ларионовой и Николая Рыбникова, Марины Ладыниной и Ивана Пырьева, Любови Орловой и Григория Александрова — в память о звездных, талантливых людях, оставивших свой след в отечественном искусстве.
Мова:Російська
Опубліковано: Москва, Эксмо, 2007
Предмети:
Формат: MixedMaterials Книга
KOHA link:https://koha.lib.tpu.ru/cgi-bin/koha/opac-detail.pl?biblionumber=134798

MARC

LEADER 00000nam0a2200000 4500
001 134798
005 20231031135839.0
010 |a 9785926504399 
035 |a (RuTPU)RU\TPU\book\146107 
090 |a 134798 
100 |a 20080404d2007 m y0rusy50 ca 
101 0 |a rus 
102 |a RU 
105 |a a z 000ay 
200 1 |a Инна Гулая. Геннадий Шпаликов  |f Л. С. Полухина 
210 |a Москва  |c Эксмо  |d 2007 
215 |a 224 с.  |c ил. 
330 |a Знаменитый сценарист культового фильма «Я шагаю по Москве», картин «Мне двадцать лет», «Я родом из детства», даровитый поэт, чьи песни распевала страна, — Геннадий Шпаликов. И загадочная, не похожая ни на кого киноактриса Инна Гулая — героиня фильмов «Тучи над Борском» и «Когда деревья были большими», с первого взгляда поразившая зрителей. Их судьбы соединила большая любовь. Но совместная жизнь, принесшая дни счастья, страданий и мучений, закончилась трагически. Книга Лианы Полухиной, биографа многих кинопар — Аллы Ларионовой и Николая Рыбникова, Марины Ладыниной и Ивана Пырьева, Любови Орловой и Григория Александрова — в память о звездных, талантливых людях, оставивших свой след в отечественном искусстве. 
610 1 |a искусство 
610 1 |a кино 
610 1 |a СССР 
610 1 |a 20 век 
610 1 |a история 
610 1 |a киноактеры 
610 1 |a сценаристы 
675 |a 791.44.071.2  |v 3 
700 1 |a Полухина  |b Л. С.  |g Лиана Степановна 
801 1 |a RU  |b 63413507  |c 20080404  |g PSBO 
801 2 |a RU  |b 63413507  |c 20081013  |g PSBO 
942 |c BK 
959 |a 39/20080403  |d 1  |e 104,62  |f ХФ:1